Hits Brasileiros - Statistics

Estatísticas Gerais
  • Esse quiz foi jogado 567 vezes
  • A pontuação média é 18 de 30
Estatísticas das Respostas
Hint Resposta % Correto
Evidências Chitãozinho & Xororó
84%
Garota de Ipanema Tom Jobim & Vinícius de Moraes
82%
Metamorfose Ambulante Raul Seixas
77%
Como é Grande o Meu Amor por Você Roberto Carlos
77%
Deixa a Vida Me Levar Zeca Pagodinho
77%
Faroeste Caboclo Legião Urbana
76%
Malandragem Cássia Eller
75%
Dormi na Praça Bruno & Marrone
73%
Ovelha Negra Rita Lee
69%
Borboletas Victor & Leo
68%
É o Amor Zezé di Camargo & Luciano
68%
A Lua Me Traiu Banda Calypso
67%
Alma Gêmea Fábio Jr.
67%
Whisky a Go Go Roupa Nova
62%
A Lenda Sandy & Junior
58%
Entre Tapas e Beijos Leandro & Leonardo
56%
Só Hoje Jota Quest
55%
Diário de Um Detento Racionais MCs
54%
Sorte Grande Ivete Sangalo
53%
Lanterna dos Afogados Os Paralamas do Sucesso
53%
Sandra Rosa Madalena Sidney Magal
53%
Borbulhas de Amor Fagner
50%
Garota Nacional Skank
50%
Admirável Gado Novo Zé Ramalho
49%
Um Minuto para o Fim do Mundo CPM 22
48%
Pro Dia Nascer Feliz Barão Vermelho
47%
Assim Caminha a Humanidade Lulu Santos
43%
Aquele Abraço Gilberto Gil
41%
Flores Titãs
32%
Depois do Prazer Só pra Contrariar
25%
Nenhum quiz correspondente encontrado
Distribuição das Pontuações
Porcentagem de Pessoas com Cada Pontuação
Percentil de Números Respondidos
Sua Pontuação Histórica
Você não jogou esse quiz